000 00628nam a22002417a 4500
003 UA-OsUOA
001 28288
007 ta
008 20050315b un ||||| |||| 00| 0 ukr d
100 _aПашуто В. П.
090 _a94(47+571)
_bП22
942 _cBK
040 _aUA-OsUOA
_brus
_cUA-OsUOA
_dUA-OsUOA
245 _aГероическая борьба русского народа за независимость (13 век)
300 _a279 с.
955 _a0
041 _arus
080 _a94(47+571)
260 _aМ.
_bПолитиздат
_c1956
044 _aRU
650 7 _2UDC
999 _c314652
_d314652